Juste l'image est un indice (Mort subite) - Statistiques

Statistiques générales
  • Ce quiz a été pris 409 fois
  • Le résultat moyen est 9 sur 15
Answers on the Grid
Answers color-coded by a green-red scale on the quiz's grid according to % correct below.
Marseille
Nîmes
Rennes
Pau
Metz
Aurillac
Rouen
Perpignan
Versailles
Valenciennes
Brest
Les Sables d'Olonne
Niort
Limoges
Belfort
Charleroi
Genève
Luxembourg
Sarrebruck
Aix-la-Chapelle
Turin
Figueras
Saint-Sébastien
Douvres
Bruxelles
Francfort
Milan
Bâle
Andorre-la-Vieille
Berne
 
Statistiques - réponses
Réponse % Correct
Marseille
70%
Metz
69%
Perpignan
69%
Brest
67%
Nîmes
67%
Versailles
67%
Pau
65%
Rennes
64%
Rouen
64%
Limoges
63%
Aurillac
54%
Les Sables d'Olonne
53%
Niort
53%
Valenciennes
53%
Belfort
40%
Aucun quiz correspondant
Distribution des résultats
% des personnes avec chaque résultat
Percentile par nombre de réponses
Votre historique - résultats
Vous n’avez pas pris ce quiz